| 000 | 00501nam a2200193Ia 4500 | ||
|---|---|---|---|
| 005 | 20140311163057.0 | ||
| 008 | 140130s9999 xx 000 0 und d | ||
| 020 | _a0590419625 | ||
| 050 |
_aPZ 7 _b.T3Te 1989 |
||
| 100 |
_aThaler, Mike _923985 |
||
| 245 |
_cMike Thaler _aThe Teacher from the Black Lagoon / |
||
| 260 |
_bScholastic, _c1989. _aNew York : |
||
| 300 |
_a29 p. : _bcol. ill. ; _c22 cm. |
||
| 440 |
_v1 _931174 |
||
| 521 | _aG2 | ||
| 526 | _c380 | ||
| 942 |
_cBK _2lcc |
||
| 999 |
_c40208 _d40208 |
||